Welcome to the Holygrace Academy Library

Please use search bar below to get started

TALES OF FAMOUS HEROES (Record no. 6756)

MARC details
000 -LEADER
fixed length control field 00280nam a22001337a 4500
020 ## - INTERNATIONAL STANDARD BOOK NUMBER
ISBN 978-81-8477-073-5
082 ## - DEWEY DECIMAL CLASSIFICATION NUMBER
Classification number 000
Item number PET/T
100 ## - MAIN ENTRY--AUTHOR NAME
Personal name PETER
245 ## - TITLE STATEMENT
Title TALES OF FAMOUS HEROES
260 ## - PUBLICATION, DISTRIBUTION, ETC. (IMPRINT)
Place of publication UK
Name of publisher SCHOLASTIC
300 ## - PHYSICAL DESCRIPTION
Number of Pages 106
650 ## - SUBJECT ADDED ENTRY--TOPICAL TERM
Topical Term FAMOUS HEROES
Geographic subdivision UK
942 ## - ADDED ENTRY ELEMENTS (KOHA)
Koha item type Books
Holdings
Withdrawn status Lost status Collection code Home library Current library Shelving location Date acquired Source of acquisition Full call number Accession Number Koha item type
    Reference Main Library Main Library SHELF-17-L-BIOGRAPHIES & AUTOBIOGRAPHIES 14/05/2015 PURCHASE 000 PET/T 09673 Books